Báo cáo tổng kết Nghiên cứu chọn tạo giống lúa chất lượng cao cho Đồng bằng Sông Cửu long (1998-2000) : Đề tài nghiên cứu cấp bộ

Spremljeno u:
Bibliografski detalji
Autor kompanije: Bộ môn Nghiên cứu lúa- Viện Nnghiên cứu và Phát triển hệ thống Canh tác - Trường Đại học Cần Thơ
Format: Knjiga
Jezik:Undetermined
Izdano: Trường Đại học Cần Thơ Viện Nghiên cứu và phát triển Hệ thống Canh tác- Trường Đại học Cần Thơ 2001
Teme:
Oznake: Dodaj oznaku
Bez oznaka, Budi prvi tko označuje ovaj zapis!
Thư viện lưu trữ: Trung tâm Học liệu Trường Đại học Cần Thơ
LEADER 01087nam a2200205Ia 4500
001 CTU_124556
008 210402s9999 xx 000 0 und d
082 |a 633.18 
082 |b B450 
110 |a Bộ môn Nghiên cứu lúa- Viện Nnghiên cứu và Phát triển hệ thống Canh tác - Trường Đại học Cần Thơ 
245 0 |a Báo cáo tổng kết Nghiên cứu chọn tạo giống lúa chất lượng cao cho Đồng bằng Sông Cửu long (1998-2000) : 
245 0 |b Đề tài nghiên cứu cấp bộ 
245 0 |c Bộ môn Nghiên cứu lúa- Viện Nnghiên cứu và Phát triển hệ thống Canh tác - Trường Đại học Cần Thơ 
260 |a Trường Đại học Cần Thơ 
260 |b Viện Nghiên cứu và phát triển Hệ thống Canh tác- Trường Đại học Cần Thơ 
260 |c 2001 
650 |a Rice 
650 |x Research 
904 |i M.Loan 
980 |a Trung tâm Học liệu Trường Đại học Cần Thơ